000 00317nam a2200133Ia 4500
008 191201s1980 xx 000 0 und d
082 _a677.85
_bPAT
100 _aPaper Presanted
245 0 _aTextile Printing
260 _aN.Delhi
_bMahajan Brother
_c1980
300 _a176
650 _aB.Tech(TE)
942 _2ddc
_cBK
999 _c2277
_d2277